| 000 | 04047nam a22013574i 4500 | ||
|---|---|---|---|
| 003 | PE-LiUPU | ||
| 005 | 20250813185352.0 | ||
| 008 | 151228s2015 sp a r 00i 0 spa d | ||
| 017 |
_aM 34452-2015 _bOficina Depósito Legal Madrid |
||
| 020 | _a8490771081 | ||
| 020 | _a9788490771082 | ||
| 035 | _a(Sirsi) i9788490771082 | ||
| 040 |
_aBNM _bspa _cBNM _dESUPS _dPE-LiUPU _erda |
||
| 082 | 0 | 0 |
_a372.072 _bF42 _223 |
| 082 | 0 | 4 |
_a372.072 _bF42 2015 _221 |
| 100 | 1 |
_aFernández Pérez, María Dolores, _eautor. |
|
| 245 | 1 | 0 |
_aInvestigación sobre educación infantil : _bla calidad en opinión de su profesorado _cM. Dolores Fernández Pérez, M. Paz Lebrero Baena. |
| 264 | 1 |
_aMadrid : _bSíntesis, _c2015 |
|
| 300 |
_a193 páginas : _bilustraciones ; _c23 centímetros |
||
| 336 |
_atext _2rdacontent |
||
| 337 |
_aunmediated _2rdamedia |
||
| 338 |
_avolume _2rdacarrier |
||
| 490 | 0 |
_aColección Síntesis. Investigación _v1 |
|
| 490 | 0 | _aLibros de síntesis | |
| 504 | _aBibliografía : páginas 181-185. | ||
| 504 | _aÍndice : páginas 187-193. | ||
| 505 | _aRealidad educativa -- Identificación del problema y objetivos de la investigación -- Marco teórico y antecedentes -- Diagnósticos de la situación -- Metodología -- Análisis de resultados. | ||
| 526 | _aP202 | ||
| 526 | _aP201 | ||
| 526 | _aP163 | ||
| 526 | _aP162 | ||
| 526 | _aP161 | ||
| 526 | _aP160 | ||
| 526 | _aP148 | ||
| 526 | _aP147 | ||
| 526 | _aP146 | ||
| 526 | _aP145 | ||
| 526 | _aP144 | ||
| 526 | _aP143 | ||
| 526 | _aP142 | ||
| 526 | _aP141 | ||
| 526 | _aP140 | ||
| 526 | _aP139 | ||
| 526 | _aP138 | ||
| 526 | _aP137 | ||
| 526 | _aP136 | ||
| 526 | _aP135 | ||
| 526 | _aP134 | ||
| 526 | _aP133 | ||
| 526 | _aP129 | ||
| 526 | _aP128 | ||
| 526 | _aP127 | ||
| 526 | _aP120 | ||
| 526 | _aP119 | ||
| 526 | _aP118 | ||
| 526 | _aP116 | ||
| 526 | _aP115 | ||
| 526 | _aP114 | ||
| 526 | _aP110 | ||
| 526 | _aP109 | ||
| 526 | _aP108 | ||
| 526 | _aP104 | ||
| 526 | _aP103 | ||
| 526 | _aP102 | ||
| 526 | _aP99 | ||
| 526 | _aP98 | ||
| 526 | _aP97 | ||
| 526 | _aP96 | ||
| 526 | _aP95 | ||
| 526 | _aP93 | ||
| 526 | _aP90 | ||
| 526 | _aP89 | ||
| 526 | _aP88 | ||
| 526 | _aP83 | ||
| 526 | _aP82 | ||
| 526 | _aP62 | ||
| 526 | _aP59 | ||
| 526 | _aP58 | ||
| 526 | _aP57 | ||
| 526 | _aP51 | ||
| 526 | _aP49 | ||
| 526 | _aP48 | ||
| 526 | _aP47 | ||
| 526 | _aP29 | ||
| 526 | _aP24 | ||
| 526 | _aP20 | ||
| 526 | _aP19 | ||
| 526 | _aP17 | ||
| 526 | _aP15 | ||
| 526 | _aP14 | ||
| 526 | _aP12 | ||
| 526 | _aP10 | ||
| 526 | _aP09 | ||
| 526 | _aP08 | ||
| 526 | _aP07 | ||
| 526 | _aP06 | ||
| 526 | _aP05 | ||
| 526 | _aP04 | ||
| 526 | _aP01 | ||
| 541 | _g001-003362; | ||
| 541 | _g0020-0002809; | ||
| 650 | 7 |
_aEducación Infantil _xEvaluación _2embne |
|
| 650 | 7 |
_aPedagogía _xInvestigación _2embne |
|
| 650 | 0 | 4 | _aCalidad de la educación. |
| 650 | 0 | 4 |
_aEducación de niños _zEspaña. |
| 700 | 1 |
_aLebrero Baena, María Paz, _eautor. |
|
| 910 |
_aebj _bebj _cjck _d20170530 |
||
| 910 |
_armch _btqv _crmch _d20170731 |
||
| 942 |
_2ddc _cBOOK |
||
| 949 |
_a372.072 F42 _wDEWEY _c1 _i75957 _lCATALOGING _mBUL _p37.15 _r0 _sY _tBOOK _u2017-05-30 _xEDUCACION _PP20 _0COMPRA _o.STAFF. Colección Ciencias Humanas y Educación |
||
| 949 |
_a372.072 F42 2015 _wDEWEY _c1 _iFJ08379 _lCCODEBUJ1 _mBUJ _p28.00 _r0 _sY _tBOOK _u2017-07-31 _xEDUCACION _PP20 _0COMPRA _o.STAFF. Colección General Juliaca |
||
| 994 |
_aC0 _bPEPRU |
||
| 596 | _a1 3 | ||
| 999 |
_a372.072 F42 _wDEWEY _c20525 _i75957 _f2021-11-8 _g4 _lCCODEBUL1 _mBUL _p37.15 _r0 _sY _tBOOK _u2017-5-30 _xEDUCACION _PP20 _0COMPRA _o.STAFF. Colección Ciencias Humanas y Educación _d20525 |
||
| 999 |
_a372.072 F42 2015 _wDEWEY _c1 _iFJ08379 _f2022-1-18 _g3 _lCCODEBUJ1 _mBUJ _p28.00 _r0 _sY _tBOOK _u2017-7-31 _xEDUCACION _PP20 _0COMPRA _o.STAFF. Colección General Juliaca |
||
| 980 |
_81 _gALBERTO SANCHEZ Responsable de Automatización |
||